| 000 | 003550000a22001570004500 | ||
|---|---|---|---|
| 003 | MACL | ||
| 040 | _aMACL | ||
| 090 |
_c31889 _d31887 |
||
| 100 | _aNaikar, Basavaraj | ||
| 245 | _aIndian English Literature | ||
| 260 |
_bAtlantic Publishers _c2002 |
||
| 350 | _a1685 | ||
| 650 | _aLiterature | ||
| 942 |
_cBOOK _k820.095/Nai |
||
| 951 | _o820.095/Nai BOOK | ||
| 999 |
_c31568 _d31568 |
||